000 00334nam a2200121Ia 4500
008 220204s9999 xx 000 0 und d
082 _a339.74
_bJAC
100 _aJACQUE, Laurent L
245 0 _aManagement of foreign exchange risk: Theory and praxis
260 _aToronto
_bD C Heath
_c1978
650 _aForeign exchange
942 _cBK
999 _c37109
_d37109